000 00565nam a2200193Ia 4500
005 20250508150502.0
008 008 250505s9999 xx 000 0 eng d
037 _aTextual
040 _aFEDL
_beng
_cFEDL
041 _aeng
_2eng
084 _a370.1, MEL
_qFEDL
100 _aMelvin A.Gordon
_9756788
245 0 _aNew Culture : An organic philosophy of education
260 _aNew York, USA
_bReynal and Hitchcock
_c1937
300 _a296p.
650 _aEducation-Philosophy
_921056
942 _cTEXL
_h370.1, MEL
999 _c1323861
_d1323861